An Airman Remembers (Record no. 298573)

000 -LEADER
fixed length control field 00255 a2200109 4500
001 - CONTROL NUMBER
control field 63500
082 ## - DEWEY DECIMAL CLASSIFICATION NUMBER
Classification number 923.55491 CHA
090 ## - LOCALLY ASSIGNED LC-TYPE CALL NUMBER (OCLC); LOCAL CALL NUMBER (RLIN)
-- 37515
-- 37515
100 ## - MAIN ENTRY--PERSONAL NAME
Personal name Chadhry Safar A
245 ## - TITLE STATEMENT
Title An Airman Remembers
260 ## - PUBLICATION, DISTRIBUTION, ETC.
Place of publication, distribution, etc. Lahore
Name of publisher, distributor, etc. PAF Book Club
Date of publication, distribution, etc. 1993
942 ## - ADDED ENTRY ELEMENTS (KOHA)
Institution code [OBSOLETE] NUST-CAE
Call number prefix 923.55491 CHA
Holdings
Withdrawn status Lost status Damaged status Not for loan Collection code Permanent Location Current Location Date acquired Total Checkouts Full call number Barcode Date last seen Price effective from Koha item type
          College of Aeronautical Engineering (CAE) College of Aeronautical Engineering (CAE) 04/03/2017   923.55491 CHA CAEG-5436 04/05/2017 04/05/2017 Book
© 2023 Central Library, National University of Sciences and Technology. All Rights Reserved.